Data analysis for database design (Record no. 168324)

000 -LEADER
fixed length control field 00385nam a2200145Ia 4500
008 - FIXED-LENGTH DATA ELEMENTS--GENERAL INFORMATION
fixed length control field 220217s9999||||xx |||||||||||||| ||und||
020 ## - INTERNATIONAL STANDARD BOOK NUMBER
International Standard Book Number 0-7506-5086-9
082 ## - DEWEY DECIMAL CLASSIFICATION NUMBER
Classification number 005.74 HAW
100 ## - MAIN ENTRY--PERSONAL NAME
Personal name Howe, David
9 (RLIN) 2132
245 #0 - TITLE STATEMENT
Title Data analysis for database design
250 ## - EDITION STATEMENT
Edition statement 3rd
260 ## - PUBLICATION, DISTRIBUTION, ETC.
Place of publication, distribution, etc. Butter worth
Name of publisher, distributor, etc. Oxford
Date of publication, distribution, etc. 2001
300 ## - PHYSICAL DESCRIPTION
Other physical details 425
650 ## - SUBJECT ADDED ENTRY--TOPICAL TERM
Topical term or geographic name entry element DATA FILES & DATABASE
9 (RLIN) 695
Holdings
Withdrawn status Lost status Damaged status Not for loan Collection code Home library Current library Shelving location Date acquired Full call number Barcode Date last seen Price effective from Koha item type
        Computer Science and Engineering Central Library Central Library Book Cart 02/18/2022 005.74 HAW 3513 02/18/2022 02/18/2022 Books

Powered by Koha